000 00810nas a2200277 4500
001 BR2013000665
003 BR-BrBNA
005 20231205121831.0
007 ta
008 230509b bl.|||p| |||| 00| 00por d
040 _aBR-BrBNA
_bpor
_cBiblioteca Nacional de Agricultura
041 _a(En)
072 _aF08; U10
100 1 _aGuedes Filho, O.
100 1 _aVieira, S.R.
100 1 _aChiba, M.K.
100 1 _aGrego, C.R.
245 1 _aGeostatistical analysis of crop yield maps in a long term no tillage system
650 _aPLANTIO DIRETO
650 _aMAPA
650 _aPRODUTIVIDADE
650 _aMÉTODO ESTATÍSTICO
773 0 _tBragantia (Brazil)
_xISSN 0006-8705
_g(2010), v. 69(suppl.) p. 9-18
_wBR2013000665
909 _a202311
_bLúcia
_c55
_dLúcia Elande
942 _2AGRIS
_n0
_cANA
999 _c225477
_d225477